Applied regression analysis
Αποθηκεύτηκε σε:
| Κύριοι συγγραφείς: | , |
|---|---|
| Μορφή: | Βιβλίο |
| Γλώσσα: | English |
| Δημοσίευση: |
New York :
Wiley,
c1998.
|
| Έκδοση: | 3η εκδ. |
| Σειρά: | Wiley series in probability and statistics. Texts and references section.
|
| Θέματα: | |
| Ετικέτες: |
Προσθήκη ετικέτας
Δεν υπάρχουν, Καταχωρήστε ετικέτα πρώτοι!
|
MARC
| LEADER | 00000cam a2200000 i 4500 | ||
|---|---|---|---|
| 001 | 1/16354 | ||
| 008 | 010126s1998 nyu| ||| |||| ||eng|| | ||
| 020 | |a 0471170828 | ||
| 035 | |l 10065743 | ||
| 040 | |a GR-MyUa |b gre |e AACR2 | ||
| 041 | 0 | |a eng | |
| 082 | 7 | |a 519.536 |2 (22) | |
| 100 | 1 | |a Draper, Norman Richard. | |
| 245 | 1 | 0 | |a Applied regression analysis / |c Norman R. Draper, Harry Smith. |
| 250 | |a 3η εκδ. | ||
| 260 | |a New York : |b Wiley, |c c1998. | ||
| 300 | |a xvii, 706 σ. : |b εικ. ; |c 24 εκ. + |e 1 δισκέτα (3 1/2 ίν.). | ||
| 490 | 1 | |a (Wiley series in probability and statistics. Texts and references section) | |
| 504 | |a Περιέχει βιβλιογραφικές παραπομπές και ευρετήρια. | ||
| 650 | 0 | |a Regression analysis. | |
| 700 | 1 | |a Smith, Harry, |d 1923-2012, |e aut | |
| 767 | 0 | 8 | |i Μεταφρασμένο ως: |t Εφαρμοσμένη ανάλυση παλινδρόμησης / |
| 830 | 0 | |a Wiley series in probability and statistics. |p Texts and references section. | |
| 852 | |a INST |b LESVOS |e 20081020 |h 519.536 DRA |p 005100043298 |q 005100043298 |t BK |y 23 | ||
| 852 | |a INST |b LESVOS |e 20081020 |h 519.536 DRA |p 005100043299 |q 005100043299 |t BK |y 23 | ||
| 852 | |a INST |b SAMOS |e 20010126 |h 519.536 DRA |p 005300018188 |q 005300018188 |t BK |y 23 | ||
| 852 | |a INST |b SAMOS |e 20010126 |h 519.536 DRA |p 005300018189 |q 005300018189 |t BK |y 0 | ||
| 852 | |a INST |b SAMOS |e 20010425 |h 519.536 DRA |p 005300021514 |q 005300021514 |t BK |y 0 | ||
| 852 | |a INST |b SAMOS |e 20010425 |h 519.536 DRA |p 005300021515 |q 005300021515 |t BK |y 0 | ||
| 852 | |a INST |b SAMOS |e 20010425 |h 519.536 DRA |p 005300021516 |q 005300021516 |t BK |y 0 | ||
| 852 | |a INST |b SAMOS |e 20041013 |h 519.536 DRA |p 005300023029 |q 005300023029 |t BK |y 0 | ||
| 852 | |a INST |b SAMOS |e 20010425 |h 519.536 DRA |p 005300020953 |q 005300020953 |t BK |y 0 | ||
| 852 | |a INST |b SAMOS |e 20010425 |h 519.536 DRA |p 005300020954 |q 005300020954 |t BK |y 0 | ||
| 852 | |a INST |b SAMOS |e 20010425 |h 519.536 DRA |p 005300020955 |q 005300020955 |t BK |y 0 | ||
| 852 | |a INST |b SAMOS |e 20010126 |h 519.536 DRA |p 005300022146 |q 005300022146 |t BK |y 23 | ||
| 852 | |a INST |b SAMOS |e 20010126 |h 519.536 DRA |p 005300022195 |q 005300022195 |t BK |y 0 | ||
| 852 | |a INST |b SAMOS |e 20041013 |h 519.536 DRA |p 005300023028 |q 005300023028 |t BK |y 0 | ||
| 901 | |a BIBL3-2004-3 | ||
| 901 | |a BIBL3-2001-1 | ||
| 901 | |a BIBL1-2008-3 | ||
| 920 | |a ΔΙΕΥΡΥΝΣΗ |b ΕΠΕΑΕΚ-ΤΣΑΕ |y Σάμος |z 2004-10 | ||
| 922 | |a 3ΕΛΗ |b 200008 |c ΤΣΑΕ |d ΠΑΠΑΣΩΤΗΡΙΟΥ | ||
| 922 | |a 3ΕΛΗ |b 200011 |c ΤΣΑΕ |d ΠΑΠΑΣΩΤΗΡΙΟΥ | ||
| 922 | |a 1ΕΛΗ |b 200801 |c ΕΠΕΑΕΚ2/ΤΕΘ |d ΠΑΠΑΣΩΤΗΡΙΟΥ | ||
| 970 | |a ΠΟΥΡΝΑΡΑΣ |b ΔΗΜΗΤΡΗΣ |z 2001/01/26 | ||